书目信息 |
| 题名: |
中国电视史
|
|
| 作者: | 常江 著 | |
| 分册: | ||
| 出版信息: | 北京 北京大学出版社 2018.01 |
|
| 页数: | 493页 | |
| 开本: | 23cm | |
| 丛书名: | 新中国新闻史丛书 | |
| 单 册: | ||
| 中图分类: | J909.2 , G229.29 | |
| 科图分类: | ||
| 主题词: | 电视史--中国--1958-2008 , 广播事业 , 电视事业 | |
| 电子资源: | ||
| ISBN: | 978-7-301-29073-6 | |
| 000 | 01571oam2 2200325 450 | |
| 001 | 5676 | |
| 005 | 20181020115823.03 | |
| 010 | @a978-7-301-29073-6@dCNY79.00 | |
| 100 | @a20180513d2018 em y0chiy50 ea | |
| 101 | 0 | @achi |
| 102 | @aCN@b110000 | |
| 105 | @ay az 001yy | |
| 200 | 1 | @a中国电视史@9zhong guo dian shi shi@e1958-2008@dA history of Chinese television@e1958-2008@f常江著@zeng |
| 210 | @a北京@c北京大学出版社@d2018.01 | |
| 215 | @a493页@d23cm | |
| 225 | 1 | @a新中国新闻史丛书 |
| 300 | @a“十二五”国家重点图书出版规划项目 | |
| 314 | @a常江,新闻传播学博士,社会学博士后,清华大学新闻与传播学院副教授、博士生导师,从事媒介文化和视觉传播等领域的研究和教学工作。已出版《帝国的想象与建构:美国早期电影史》《中国语境下的澳门影视产业》等学术著作。 | |
| 320 | @a有书目(第472-485页)和索引(第486-490页) | |
| 330 | @a本书是国内第一部对中国电视业半个世纪(1958~2008)变迁与演进的历史展开系统性研究的学术著作。作者采用传播政治经济学、媒介社会学与话语理论相结合的研究体系,在电视与社会现实、日常生活和权力结构之间的关系中,对电视这一强大而富庶的大众媒介进行了全面而深入的阐释。全书共六章,对中国电视业发展的不同时期进行了总结和分析。 中国新闻史学会创始会长、中国新闻传播史学泰斗方汉奇和清华大学新闻与传播学院教授郭镇之作序。 | |
| 461 | 0 | @12001 @a新中国新闻史丛书 |
| 510 | 1 | @aHistory of Chinese television@e1958-2008@zeng |
| 606 | 0 | @a电视史@y中国@z1958-2008 |
| 606 | 0 | @a广播事业 |
| 606 | 0 | @a电视事业 |
| 690 | @aJ909.2@v5 | |
| 690 | @aG229.29@v4 | |
| 701 | 0 | @a常江@9chang jiang@4著 |
| 801 | 0 | @aCN@b91MARC@c20180513 |
| 905 | @aMuseLib@dG229.29@e216 | |
| 中国电视史:1958-2008=A history of Chinese television:1958-2008/常江著.-北京:北京大学出版社,2018.01 |
| 493页;23cm.-(新中国新闻史丛书) |
| “十二五”国家重点图书出版规划项目 |
| ISBN 978-7-301-29073-6:CNY79.00 |
| 本书是国内第一部对中国电视业半个世纪(1958~2008)变迁与演进的历史展开系统性研究的学术著作。作者采用传播政治经济学、媒介社会学与话语理论相结合的研究体系,在电视与社会现实、日常生活和权力结构之间的关系中,对电视这一强大而富庶的大众媒介进行了全面而深入的阐释。全书共六章,对中国电视业发展的不同时期进行了总结和分析。 中国新闻史学会创始会长、中国新闻传播史学泰斗方汉奇和清华大学新闻与传播学院教授郭镇之作序。 |
| ● |
| 相关链接 |
|
|
|
|
正题名:中国电视史
索取号:G229.29/216
 
预约/预借
| 序号 | 登录号 | 条形码 | 馆藏地/架位号 | 状态 | 备注 |
| 1 | 1130781 | 211307815 | 第一样本阅览室/ [索取号:G229.29/216] | 在馆 | |
| 2 | 1130782 | 211307824 | 密集书库-文学院/ [索取号:G229.29/216] | 在馆 | |
| 3 | 1130783 | 211307833 | 第四借阅区/ [索取号:G229.29/216] | 在馆 | |
| 4 | 1130784 | 211307842 | 第四借阅区/ [索取号:G229.29/216] | 在馆 | |
| 5 | 1130785 | 211307851 | 第四借阅区/ [索取号:G229.29/216] | 在馆 |